| 000 | 00770cam a22002411 4500 | ||
|---|---|---|---|
| 999 |
_c1301 _d1301 |
||
| 001 | 7957758 | ||
| 005 | 20170731100845.0 | ||
| 008 | 740715s1960 xx 100 0 eng | ||
| 010 | _a 60011981 | ||
| 035 | _a(OCoLC)946178 | ||
| 040 |
_aDLC _cTxU-Da _dDLC |
||
| 042 | _apremarc | ||
| 050 | 0 | 0 |
_aB821.A1 _bI5 1958af |
| 082 | _a144 | ||
| 111 | 2 |
_aInternational Congress of Universal Christian Humanism _d(1958 : _cBrussels) _933924 |
|
| 245 | 1 | 4 |
_aThe soul of the nations, _baddresses. |
| 260 |
_aMilwaukee, _bBruce Pub. Co. _c[1960] |
||
| 300 |
_a v, 166 p. _bports. _c23 cm. |
||
| 650 | 0 |
_aHumanism _vCongresses. _933925 |
|
| 906 |
_a7 _bcbc _coclcrpl _du _encip _f19 _gy-gencatlg |
||
| 942 |
_2lcc _cMONOGRAPH |
||